Traduction de vocabulaire rtédi'i en Français - Statistiques

Statistiques générales
  • Ce quiz a été pris 18 fois
  • Le résultat moyen est 6 sur 8
Statistiques - réponses
rtédi'i Français % Correct
Franka F{rance}
100%
téra T{erre}
100%
nnondo M{onde}
88%
jone J{aune}
81%
Foja F{eu}
69%
pa'i P{ays}
69%
rêja R{ouge}
63%
nnenja M{anger}
50%
Aucun quiz correspondant
Distribution des résultats
% des personnes avec chaque résultat
Percentile par nombre de réponses
Votre historique - résultats
Vous n’avez pas pris ce quiz